Nghiên cứu sự tạo phức của Bi (III) với metyl thymol xanh (MXT) bằng phương pháp trắc quang và xác định hàm lượng bitmut trong dược phẩm Luận văn thạc Hóa học . Chuyên ngành: Hóa phân tịch. Mã số: 60 44 29

محفوظ في:
التفاصيل البيبلوغرافية
المؤلف الرئيسي: Nguyễn Thanh Phong
مؤلفون آخرون: Nguyễn Khắc Nghĩa (Hướng dẫn)
التنسيق: أطروحة عدة كتاب
منشور في: Vinh Đại học Vinh 2012
الموضوعات:
الوسوم: إضافة وسم
لا توجد وسوم, كن أول من يضع وسما على هذه التسجيلة!
Thư viện lưu trữ: Trung tâm Học liệu Lê Vũ Hùng, Trường Đại học Đồng Tháp
LEADER 01237ppm a22003018a 4500
001 00036514
005 20171026081025.0
008 170307s2012 ||||||Viesd
041 0 # |a Vie 
082 1 4 |a 543  |b NGH305C 
100 1 # |a Nguyễn Thanh Phong 
245 0 0 |a Nghiên cứu sự tạo phức của Bi (III) với metyl thymol xanh (MXT) bằng phương pháp trắc quang và xác định hàm lượng bitmut trong dược phẩm  |b Luận văn thạc Hóa học . Chuyên ngành: Hóa phân tịch. Mã số: 60 44 29  |c Nguyễn Thanh Phong; Nguyễn Khắc Nghĩa (hướng dẫn) 
260 # # |a Vinh  |b Đại học Vinh  |c 2012 
300 # # |a 87tr.  |c 30cm. 
500 # # |a ĐTTTS ghi: Bộ giáo dục và đào tạo. Đại học Vinh 
653 # # |a Dược phẩm 
653 # # |a Luận văn 
653 # # |a Tạo phức 
653 # # |a Trắc quan 
653 # # |a Nghiên cứu 
700 1 # |e Hướng dẫn  |a Nguyễn Khắc Nghĩa 
852 # # |j LV.0000922 
852 # # |b Kho đọc SĐH  |j LV.0000922 
910 |d 07/03/2017 
980 # # |a Trung tâm Học liệu Lê Vũ Hùng, Trường Đại học Đồng Tháp